| 000 | 00489nam a2200169Ia 4500 | ||
|---|---|---|---|
| 003 | IN-BaIIA | ||
| 008 | 211028s9999 xx 000 0 eng d | ||
| 040 | _cIIA Library | ||
| 080 |
_a058(540) _bMAT-85 |
||
| 245 | 0 |
_aManorama Year Book 1985 _cedited by K. M. Mathew |
|
| 260 |
_aKerala _bManorama Publishing _c1985 |
||
| 300 | _a795p. | ||
| 650 | _aNASA Thesaurus | ||
| 650 |
_aYearbook _93818 |
||
| 700 |
_aMathew, K M. ed _911789 |
||
| 942 | _cBK | ||
| 999 |
_c8481 _d8481 |
||